Library Banner

Trade union ke bunyadi usool = ٹریڈ یونین کے بنیادی اصول / (Record no. 121923)

MARC details
000 -LEADER
fixed length control field 00515nam a22001457a 4500
005 - DATE AND TIME OF LATEST TRANSACTION
control field 20210413111902.0
008 - FIXED-LENGTH DATA ELEMENTS--GENERAL INFORMATION
fixed length control field 210413b ||||| |||| 00| 0 eng d
040 ## - CATALOGING SOURCE
Transcribing agency PK-LaUMT
082 ## - DEWEY DECIMAL CLASSIFICATION NUMBER
Classification number RHC 331.8
Item number FEA-T
100 ## - MAIN ENTRY--PERSONAL NAME
Personal name Feader, Victor = فیدر، وکٹر
245 ## - TITLE STATEMENT
Title Trade union ke bunyadi usool = ٹریڈ یونین کے بنیادی اصول /
Statement of responsibility, etc by Victor Feader = وکٹر فیدر ; translated by Muhammad Suleman Sabir
260 ## - PUBLICATION, DISTRIBUTION, ETC. (IMPRINT)
Place of publication, distribution, etc Dehli :
Name of publisher, distributor, etc National Academy,
Date of publication, distribution, etc 1966
300 ## - PHYSICAL DESCRIPTION
Extent 147 p.
942 ## - ADDED ENTRY ELEMENTS (KOHA)
Koha item type Books
Holdings
Withdrawn status Lost status Damaged status Home library Current library Date acquired Full call number Barcode Date last seen Price effective from Koha item type
      UMT Main Campus UMT Main Campus 2021-04-13 RHC 331.8 FEA-T 137229 2021-04-13 2021-04-13 Books